|
|
|
|
| LEADER |
00000nab a2200000 a 4500 |
| 001 |
vtls000859710 |
| 003 |
SK-MaSNL |
| 005 |
20260304131412.0 |
| 008 |
250429c xo 0 slo |
| 015 |
|
|
|a SNBRB2004/01-02917
|
| 035 |
|
|
|a CLN000211330
|
| 035 |
|
|
|a urn:nbn:sk:snk-abrne
|
| 035 |
|
|
|a (urnnbn)urn:nbn:sk:snk:ar-a05myh
|
| 035 |
|
|
|a (uuid)cac9a8d5-21a3-4f95-9e8c-cf2ed5d44f2a
|
| 040 |
|
|
|a SNKBUCL
|b slo
|c SNKBUCL
|e AACR2
|
| 041 |
0 |
|
|a cze
|
| 044 |
|
|
|a xo
|c SK
|
| 080 |
|
|
|a 616.857-053.2
|2 1997
|
| 100 |
1 |
|
|a Überall, M.
|4 aut
|9 1444544
|
| 245 |
1 |
0 |
|a Migréna zmáhá i děti
|c M. Überall
|
| 500 |
|
|
|a Ärztl.Praxis. 2002, 96, II.
|
| 650 |
0 |
7 |
|a migréna
|x komplikácie
|x farmakoterapia
|x dieťa
|2 MESH
|9 1444545
|
| 650 |
0 |
7 |
|a abstrakty
|2 MESH
|9 90504
|
| 650 |
0 |
7 |
|a poruchy spojené s bolesťou hlavy
|x diagnostika
|x etiológia
|x dieťa
|2 MESH
|9 1444546
|
| 650 |
0 |
7 |
|a farmakoterapia
|x využitie
|2 MESH
|9 854639
|
| 655 |
|
7 |
|a články z novín a časopisov
|2 snkbucl
|9 267496
|
| 773 |
0 |
|
|t Psychiatria pre prax
|g Roč. 4 (v SR 2), č. 4 (2003), s. 185
|x 1335-9584
|
| 850 |
|
|
|a Slovenská národná knižnica
|
| 852 |
|
|
|a Slovenská národná knižnica
|
| 954 |
|
|
|a odborná, vedecká literatúra cudzojazyčná (svetová)
|2 lita
|
| 958 |
|
|
|a article27
|
| 958 |
|
|
|a MI
|
| 958 |
|
|
|a OND
|
| 958 |
|
|
|a EUIPO
|
| 999 |
|
|
|c 2896813
|d 2898743
|